000 00761cam a22002414a 4500
008
020 _a0471415766 (hbk.)
049 _aMAIN
090 _aHD30.23
_bMUR
100 1 _aMurnighan, J. Keith.
245 1 4 _aThe art of high- stakes decision- making :
_btough calls in a speed driven world /
_cJ. Keith Murnighan, John C. Mowen.
260 _aNew York :
_b John Wiley& Sons,
_c2002.
300 _ax, 278 p. :
_bill. ;
_c24 cm.
500 _aIncludes index.
504 _aIncludes bibliographical references.
650 0 _aDecision making.
700 1 _aMowen, John C.
907 _a.b10315731
_b29-05-13
_c13-07-12
003
005 20230123125437.0
040 _cNUST
942 _cBOOKS
_kHD30.23
_mMUR
999 _c141593
_d141593